00573pab a2200169 454500008004000000100001800040245009400058260000900152300001300161362000800174650001800182650001500200773006700215909001000282999001700292952009400309180718b2004 xxu||||| |||| 00| 0 eng d aNewman, Kathe aNeward, decline and avoidance, renaissance and desire: from disinvestment to reinvestment c2004 ap.34-48. aJul aPrivatization aInvestment aAnnals of the American Academy of Political and Social Science a61463 c61463d61463 00104070aIIPAbIIPAd2018-07-19hVolume no: 594, pAR61909r2018-07-19w2018-07-19yAR